000 00674nam a22002417a 4500
005 20170124110111.0
010 _a501142
020 _c00.00
035 _a501142
037 _bCen Lib/Ret
040 _aDPL
_bEN
082 _aN
_bGUI
100 _aGuillot, Rene
_929067
245 _aCompanions /
_cby Rene Guillot; translated by Geoffrey Trease; illustrated by Pierre Collot
260 _aLondon
_bOxford university press
_c1967
270 _bLondon
300 _a254p.:
_c19cm(Hb)
_bill.
650 _a Lliterature
_929068
650 _aFiction
_98901
700 _aTrease,Geoffery
_929055
700 _aCollot, Pierre
_929069
942 _2ddc
_cEN
_hN
_mGUI
999 _c130385
_d130385